Original Power Rangers Colors (TV Show) Quiz Stats

Quiz Updated Jul 11, 2013

Challenge
Share
Tweet
Embed
Score 0/5 Timer 00:30
13 Plays Today
% Correct
Red
99%
Blue
96.9%
Yellow
96%
Pink
93.7%
Black
93.1%

You're not logged in!

Compare scores with friends on all Sporcle quizzes.
Sign Up with Email
OR
Log In

You Might Also Like...

Show Comments

Extras

Top Quizzes Today


Score Distribution

Your Account Isn't Verified!

In order to create a playlist on Sporcle, you need to verify the email address you used during registration. Go to your Sporcle Settings to finish the process.